[Event "CAN-ch U12"]
[Site "Windsor"]
[Date "2016.07.08"]
[Round "6.65"]
[White "Cyrenne, Cole"]
[Black "Kilroy, Sheldon"]
[Result "1-0"]
[WhiteElo "640"]
[BlackElo "1034"]
[PlyCount "51"]
[EventDate "2016.07.05"]
[EventType "swiss"]
[EventRounds "7"]
[EventCountry "CAN"]
[SourceTitle "EXT 2022"]
[Source "ChessBase"]
[SourceDate "2021.10.06"]
[SourceVersion "1"]
[SourceVersionDate "2021.10.06"]
[SourceQuality "1"]

1. d4 d5 2. c4 Nf6 3. Nc3 g6 4. Bg5 Bg7 5. Bxf6 Bxf6 6. Nxd5 Be6 7. Nxf6+ exf6 8. e3 0-0 9. Nf3 Bg4 10. Be2 Re8 11. h3 Bf5 12. 0-0 Nd7 13. Qb3 Be4 14. Rad1 Qe7 15. Rfe1 c5 16. d5 Ne5 17. Nxe5 fxe5 18. Bd3 Bxd3 19. Rxd3 e4 20. Rd2 a6 21. Red1 Qd6 22. Qxb7 Rab8 23. Qc6 Qxc6 24. dxc6 Rb6 25. c7 Rc8 26. Rd8+ 1-0

[Event "CAN-ch U12"]
[Site "Windsor"]
[Date "2016.07.07"]
[Round "4.66"]
[White "Wang, Terry"]
[Black "Kilroy, Sheldon"]
[Result "0-1"]
[WhiteElo "893"]
[BlackElo "1034"]
[PlyCount "136"]
[EventDate "2016.07.05"]
[EventType "swiss"]
[EventRounds "7"]
[EventCountry "CAN"]
[SourceTitle "EXT 2022"]
[Source "ChessBase"]
[SourceDate "2021.10.06"]
[SourceVersion "1"]
[SourceVersionDate "2021.10.06"]
[SourceQuality "1"]

1. e4 e5 2. Nf3 Nc6 3. Bc4 Nf6 4. Ng5 d5 5. exd5 Nxd5 6. d3 Be7 7. Qf3 0-0 8. Qxd5 Bxg5 9. Qxd8 Bxd8 10. 0-0 Nd4 11. Bb3 Re8 12. c3 Ne2+ 13. Kh1 Nxc1 14. Rxc1 Bf5 15. Bc4 a6 16. Re1 b5 17. Bd5 Rb8 18. d4 Bf6 19. dxe5 Rbd8 20. Bb7 Rxe5 21. Na3 Rd2 22. Rad1 Rde2 23. Rxe2 Rxe2 24. Bxa6 Rxb2 25. Nxb5 h6 26. f3 Rxa2 27. Bb7 Rb2 28. Bc6 Bc2 29. Ra1 Ba4 30. Na7 Bxc6 31. Nxc6 Bxc3 32. h3 Rb6 33. Ne7+ Kf8 34. Rc1 Kxe7 35. Rxc3 c6 36. Kg1 Kd6 37. Kf2 c5 38. Ke3 Kd5 39. Kd3 Rc6 40. Rc4 Rb6 41. Kc3 Rb7 42. g4 g5 43. Kd3 Rb4 44. Rxb4 cxb4 45. Kc2 Kc4 46. Kb2 b3 47. Kb1 Kd3 48. Kb2 Ke3 49. Kxb3 Kxf3 50. Kc3 Kg3 51. Kd3 Kxh3 52. Ke3 Kxg4 53. Kf2 Kf5 54. Kg2 g4 55. Kh2 h5 56. Kg2 h4 57. Kg1 Kg5 58. Kf2 f5 59. Kg2 f4 60. Kg1 f3 61. Kf2 h3 62. Kg1 g3 63. Kf1 g2+ 64. Kg1 Kf6 65. Kh2 f2 66. Kxh3 g1Q 67. Kh4 f1Q 68. Kh5 Qh3# 0-1